Detalles MARC
| 000 -CABECERA |
| Longitud fija campo de control |
01929nam a2200301Ia 4500 |
| 005 - • FECHA Y HORA DE LA ÚLTIMA TRANSACCIÓN |
| Fecha y hora de la última transacción |
20220317000531.0 |
| 008 - • CÓDIGOS DE INFORMACIÓN DE LONGITUD FIJA |
| Códigos de información de longitud fija |
160601s1997 ck g 000 0 spa |
| 020 ## - • NÚMERO INTERNACIONAL NORMALIZADO PARA LIBROS |
| Número Internacional Normalizado para Libros (ISBN) |
9589232388 |
| 082 04 - • NÚMERO DE LA CLASIFICACIÓN DECIMAL DEWEY |
| Número de clasificación (R) |
305.89608 |
| Número del ítem |
Z16r |
| 040 ## - FUENTE DE LA CATALOGACIÓN |
| Centro catalogador de origen |
CO-BoRNBP |
| Lengua de catalogación |
spa |
| Normas de descripción |
rda |
| Centro transcriptor |
CO-BoRNBP |
| 100 1# - • PUNTO DE ACCESO PRINCIPAL-NOMBRE DE PERSONA |
| Nombre de persona |
Zapata Olivella, Manuel |
| Fechas asociadas al nombre |
1920-2004 |
| 245 13 - • TITULO PROPIAMENTE DICHO |
| Título |
La rebelión de los genes |
| Resto del título |
el mestizaje americano en la sociedad futura |
| Mención de responsabilidad, etc. |
Manuel Zapata Olivella |
| 250 ## - • MENCIÓN DE EDICIÓN |
| Mención de edición |
1a. edición |
| 264 ## - PRODUCCIÓN, PUBLICACIÓN , DISTRIBUCIÓN, FABRICACIÓN Y COPYRIGHT |
| Lugar de producción, publicación, distribución, fabricación |
Bogotá |
| Nombre del productor, editor, distribuidor, fabricante |
Altamir |
| Fecha de de producción, publicación, distribución, fabricación o copyright |
1997 |
| 300 ## - • DESCRIPCIÓN FÍSICA |
| Extensión |
368 páginas |
| Dimensiones |
21 cm |
| 336 ## - TIPO DE CONTENIDO |
| Término de tipo de contenido |
texto |
| Código de tipo de contenido |
txt |
| Fuente |
rdacontent |
| 337 ## - TIPO DE MEDIO |
| Nombre del tipo de medio |
sin mediación |
| Código del tipo de medio |
n |
| Fuente |
rdamedia |
| 338 ## - TIPO DE SOPORTE |
| Nombre del tipo de soporte |
volumen |
| Código del tipo de soporte |
nc |
| Fuente |
rdacarrier |
| 500 ## - • NOTA GENERAL |
| Nota general |
Incluye datos biográficos del autor |
| 504 ## - • NOTA DE BIBLIOGRAFÍA, ETC |
| Nota de bibliografía, etc. |
Incluye bibliografía |
| 520 ## - • NOTA DE RESUMEN |
| Resumen, etc, |
Si en otras épocas el mestizaje fue un estigma de "impureza" ante opresores de todas las calañas (que mal podían reclamar "pureza de sangre"), hoy constituye a todas luces una de las mayores riquezas de las sociedades humanas. En América, ese mestizaje ha propiciado los más fecundos encuentros entre razas, etnias, culturas, civilizaciones e historias de las más disímiles características, y ha obligado a poderosos sincretismos, unos dolorosos y otros felices, jamás experimentados en la historia de la humanidad. Pero aunque cada vez es mayor la conciencia incluso política, de la plurietnicidad y pluriculturalidad de las naciones americanas, lo cierto es que las huellas del síndrome colonizador aún son patentes en actitudes y mentalidades alienadas que sólo contribuyen a acallar la cada vez más inminente insurgencia mestiza que se abre paso hacia un nuevo orden y hacia un nuevo humanismo de tolerancia y convivencia |
| 650 14 - • PUNTO DE ACCESO ADICIONAL DE MATERIA - TÉRMINO DE MATERIA |
| Fuente del encabezamiento o término |
LEMB |
| Término de materia o nombre geográfico como elemento inicial |
Afroamericanos |
| 650 14 - • PUNTO DE ACCESO ADICIONAL DE MATERIA - TÉRMINO DE MATERIA |
| Fuente del encabezamiento o término |
LEMB |
| Término de materia o nombre geográfico como elemento inicial |
Mestizaje |
| 650 14 - • PUNTO DE ACCESO ADICIONAL DE MATERIA - TÉRMINO DE MATERIA |
| Fuente del encabezamiento o término |
LEMB |
| Término de materia o nombre geográfico como elemento inicial |
Africanización |
| 650 14 - • PUNTO DE ACCESO ADICIONAL DE MATERIA - TÉRMINO DE MATERIA |
| Fuente del encabezamiento o término |
LEMB |
| Término de materia o nombre geográfico como elemento inicial |
Etnología |
| Subdivisión de materia general |
Historia |
| Subdivisión geográfica |
América Latina |
| 650 14 - • PUNTO DE ACCESO ADICIONAL DE MATERIA - TÉRMINO DE MATERIA |
| Fuente del encabezamiento o término |
LEMB |
| Término de materia o nombre geográfico como elemento inicial |
Negros |
| Subdivisión de materia general |
Historia |
| Subdivisión geográfica |
Colombia |
| 942 ## - ENTRADA DE ELEMENTOS AGREGADOS (KOHA) |
| Fuente de clasificaión o esquema |
Dewey Decimal Classification |
| Koha [por defecto] tipo de item |
LIbro |